LEADER 01427nam a2200289 4500 001 000000346250 003 CaOOAMICUS 005 20210526104341.0 008 210526s2020 it 000 u ita r 020 $a978-88-7885-896-1 040 $aSeMil$bita 100 1 $aMoiso, Francesco,$d<1944-2001>.$0(OLS)http://semarc/name/4054 240 10$aNietzsche e le scienze.$0(OLS)http://semarc/title/435451 245 10$aNietzsche e le scienze :$blezioni tenute all'Università degli Studi di Milano, a.a. 1998-1999 /$cFrancesco Moiso ; postfazione di Carlo Gentili ; a cura di Matteo Vincenzo d'Alfonso. 264 1$aTorino :$bRosenberg & Sellier,$c2020. 300 $a339 p. ;$c21 cm 490 1 $aPhısis 600 14$aNietzsche, Friedrich <1844-1900>.$0(OLS)http://semarc/subject/638 700 1 $aGentili, Carlo,$d<1951- >.$0(OLS)http://semarc/name/25583 700 1 $aD'Alfonso, Matteo Vincenzo.$0(OLS)http://semarc/name/113978 830 0$aPhısis.$0(OLS)http://semarc/title/435300 850 $aSeMil 852 $aSeMil$W1$xVenegono$y1$m2P VII 450$j226533$B237317$CSeMilBibl$Z2$F237317 $81 996 $6020$a978-88-7885-896-1$9(OLS)http://semarc/number/293311 996 $6245$aNietzsche e le scienze :$blezioni tenute all'Università degli Studi di Milano, a.a. 1998-1999$9(OLS)http://semarc/title/435452 996 $6264$aTorino :$bRosenberg & Sellier$9(OLS)http://semarc/publisher/29742 LEADER 01073nam a2200277 i 4500 001 000000226925 003 CaOOAMICUS 005 20140210000000.0 008 140210s2002 it u000 u ita u 013 $a205827 020 $a88-7135-129-0 040 $aSeMil$bita 100 1 $aCalloni, Francesco ,$c.$0(OLS)http://semarc/name/3889 245 10$aEritrea /$cFrancesco Calloni, Alberto Marinetti. 260 $aGorle :$bVelar,$cstampa 2002. 300 $a179 p. :$bin gran parte ill. ;$c31 cm. 490 0 $aPopoli & viaggi 650 4$aEritrea.$0(OLS)http://semarc/subject/8039 700 1 $aMarinetti, Alberto.$0(OLS)http://semarc/name/45692 830 0$aPopoli & viaggi.$0(OLS)http://semarc/title/10077 850 $aSeMil 852 $aSeMil$W1$xVenegono$y1$m4Y VIII 64$j177271$B177271$CSeMilBibl$Z2$F188401 $81 961 $aOmaggio: Ferrario mons. Emilio 996 $6020$a88-7135-129-0$9(OLS)http://semarc/number/228334 996 $6245$aEritrea$9(OLS)http://semarc/title/157818 996 $6260$aGorle :$bVelar$9(OLS)http://semarc/publisher/33489